| 000 | 03890cam a22012734i 4500 | ||
|---|---|---|---|
| 003 | PE-LiUPU | ||
| 005 | 20250813185328.0 | ||
| 008 | 160216s2015 ck r 000 0 spa d | ||
| 020 | _a9789587622881 | ||
| 035 | _a(Sirsi) i9789587622881 | ||
| 040 |
_aECLAE _bspa _cECLAE _dPE-LiUPU _erda |
||
| 082 | 4 |
_a370.1 _bE76 _220 |
|
| 245 | 1 | 3 |
_aEl Aprendizaje basado en problemas (ABP) : _buna propuesta metodológica en Educación Superior / _cAlicia Escribano, Ángela del Valle (coords.). |
| 250 | _aSegunda edición. | ||
| 264 |
_aBogotá : _bEdiciones de la U., _c2015. |
||
| 300 |
_a188 páginas ; _c24 centímetros |
||
| 336 |
_atext _2rdacontent |
||
| 337 |
_aunmediated _2rdamedia |
||
| 338 |
_avolume _2rdacarrier |
||
| 504 | _aBibliografía : páginas 173-184. | ||
| 505 | 0 | _aSobre el aprendizaje basado en problemas -- Aprendizaje basado en problemas: una propuesta metodológica -- La utilización de problemas aunténticos en la enseñanza superior -- Autorregulación en el aprendizaje -- Aprendizaje colaborativo y resolución de problemas -- Tutoría y mediación en el aprendizaje basado en problemas -- Evaluación. Modalidades y procesos -- Visión crítica sobre el aprendizaje basado en problemas: ventajas y dificultades -- Casos prácticos. | |
| 526 | _aP202 | ||
| 526 | _aP201 | ||
| 526 | _aP163 | ||
| 526 | _aP162 | ||
| 526 | _aP161 | ||
| 526 | _aP160 | ||
| 526 | _aP148 | ||
| 526 | _aP147 | ||
| 526 | _aP146 | ||
| 526 | _aP145 | ||
| 526 | _aP144 | ||
| 526 | _aP143 | ||
| 526 | _aP142 | ||
| 526 | _aP141 | ||
| 526 | _aP140 | ||
| 526 | _aP139 | ||
| 526 | _aP138 | ||
| 526 | _aP137 | ||
| 526 | _aP136 | ||
| 526 | _aP135 | ||
| 526 | _aP134 | ||
| 526 | _aP133 | ||
| 526 | _aP129 | ||
| 526 | _aP128 | ||
| 526 | _aP127 | ||
| 526 | _aP120 | ||
| 526 | _aP119 | ||
| 526 | _aP118 | ||
| 526 | _aP116 | ||
| 526 | _aP115 | ||
| 526 | _aP114 | ||
| 526 | _aP110 | ||
| 526 | _aP109 | ||
| 526 | _aP108 | ||
| 526 | _aP104 | ||
| 526 | _aP103 | ||
| 526 | _aP102 | ||
| 526 | _aP99 | ||
| 526 | _aP98 | ||
| 526 | _aP97 | ||
| 526 | _aP96 | ||
| 526 | _aP95 | ||
| 526 | _aP93 | ||
| 526 | _aP90 | ||
| 526 | _aP89 | ||
| 526 | _aP88 | ||
| 526 | _aP83 | ||
| 526 | _aP82 | ||
| 526 | _aP62 | ||
| 526 | _aP59 | ||
| 526 | _aP58 | ||
| 526 | _aP57 | ||
| 526 | _aP51 | ||
| 526 | _aP49 | ||
| 526 | _aP48 | ||
| 526 | _aP47 | ||
| 526 | _aP29 | ||
| 526 | _aP24 | ||
| 526 | _aP20 | ||
| 526 | _aP19 | ||
| 526 | _aP17 | ||
| 526 | _aP15 | ||
| 526 | _aP14 | ||
| 526 | _aP12 | ||
| 526 | _aP10 | ||
| 526 | _aP09 | ||
| 526 | _aP08 | ||
| 526 | _aP07 | ||
| 526 | _aP06 | ||
| 526 | _aP05 | ||
| 526 | _aP04 | ||
| 526 | _aP01 | ||
| 541 | _g001-000126; | ||
| 541 | _g0028-0000236; | ||
| 650 | 1 | 4 | _aAprendizaje basado en problemas. |
| 650 | 2 | 4 |
_aResolución de problemas _xEstudio y enseñanza (superior). |
| 650 | 2 | 4 | _aEducación, programas de actividades superiores. |
| 700 | 1 |
_aEscribano Gonzáles, Alicia, _ecoord. |
|
| 700 | 1 |
_aDel Valle López, Ángela, _ecoordinadora. |
|
| 910 |
_ajck _bebj _cebj _d20160711 |
||
| 910 |
_adbm _bksl _cksl _d20171212 |
||
| 942 |
_2ddc _cBOOK |
||
| 949 |
_a370.1 E76 _wDEWEY _c1 _i74162 _lCCODEBUL1 _mBUL _p16.75 _r0 _sY _tBOOK _u2016-7-18 _xEDUCACION _PP20 _0COMPRA _o.STAFF. Colección General |
||
| 994 |
_aC0 _bPEPRU |
||
| 596 | _a1 | ||
| 999 |
_a370.1 E76 _wDEWEY _c11248 _i74162 _d11248 _e2017-9-11 _f2021-11-8 _g5 _lCCODEBUL1 _mBUL _n1 _p16.75 _r0 _sY _tBOOK _u2016-7-18 _xEDUCACION _PP20 _0COMPRA _o.STAFF. Colección General |
||
| 999 |
_a370.1 E76 _wDEWEY _c2 _i77434 _f2021-11-8 _g4 _lCCODEBUL1 _mBUL _p13.30 _r0 _sY _tBOOK _u2017-12-12 _xEDUCACION _PP69 _0COMPRA _o.STAFF. Colección Ciencias de la Salud |
||
| 980 |
_81 _gALBERTO SANCHEZ Responsable de Automatización |
||